00992cam a2200241 4500001001300000003000400013005001700017008004100034010001700075040001800092043001200110050002000122082001500142110006000157245003500217260002000252300001800272500005900290500007700349505019600426651004100622710008700663sa 68011803 DLC20260227112604.0691104m19599999ii 000 0 eng  asa 68011803  aDLCcDLCdDLC aa-ii---00aHC437.M3bA542200a338.954/821 aMadras (State).bDirector of Information and Publicity.14aThe second plan, Madras State. a[Madras]c1959- av.c25-33 cm. aVol. 5 has title: Second five-year plan, Madras State. aVol. 5 issued by Madras (State) Finance (Planning and Development) Dept.1 a[3] Review of progress for 1956-57 and 1957-58 and programme for 1958-59.--[5] Review of progress for the first four years, 1956-57 to 1959-60, and the programme for the fifth year 1960-1961. 0aTamil Nadu (India)xEconomic policy.1 aMadras (India : State).bFinance Department.tSecond five-year plan, Madras State.